Οι Δουβλινέζοι

Αποθηκεύτηκε σε:
Λεπτομέρειες βιβλιογραφικής εγγραφής
Κύριος συγγραφέας: Joyce, James, 1882-1941
Μορφή: Βιβλίο
Γλώσσα:Greek
English
Δημοσίευση: [Αθήνα] : Ελευθεροτυπία, 2006.
Θέματα:
Ετικέτες: Προσθήκη ετικέτας
Δεν υπάρχουν, Καταχωρήστε ετικέτα πρώτοι!

MARC

LEADER 00000cam a2200000 i 4500
001 1/3265
008 100115s2006 gr | || |||| ||gre||
020 |a 960835921X 
035 |l 10106314 
040 |a GR-MyUa  |b gre  |e AACR2 
041 1 |a gre  |h eng 
082 7 |a 823   |2 (23) 
082 7 |a 828.9913   |2 (22) 
100 1 |a Joyce, James,   |d 1882-1941. 
245 1 3 |a Οι Δουβλινέζοι /   |c Τζέημς Τζόυς ; μετάφραση Κοσμάς Πολίτης. 
260 |a [Αθήνα] :   |b Ελευθεροτυπία,   |c 2006. 
300 |a 222 σ. ;   |c 20 εκ. 
500 |a Τίτλος πρωτοτύπου: Dubliners. 
650 0 |a Irish fiction. 
852 |a INST  |b SAMOS  |e 20100115  |h 828.9913 JOY  |p 005300030873  |q 005300030873  |t BK  |y 0 
852 |a INST  |b SYROS  |e 20140526  |h 823 JOY  |p 005500011442  |q 005500011442  |t BK  |y 0 
901 |a BIBL5-2014-1 
901 |a BIBL3-2010-1 
970 |a Σίτζιμη  |b Γιασεμή  |z 15/01/2010